Lignes des chemins de fer veveysans - Statistiques

Statistiques générales
  • Ce quiz a été pris 7 fois
  • Le résultat moyen est 14 sur 22
Statistiques - réponses
CEV % Correct
Blonay
100%
Blonay
100%
Blonay
100%
Chamby
100%
Chantemerle
100%
Cornaux
100%
Vevey
100%
Château-de-Blonay
67%
Château d'Hauteville
67%
Hauteville
67%
La Chiésaz
67%
Les Pléiades
67%
Saint-Légier - Gare
67%
Saint-Légier - Village
67%
Bois-de-Chexbres
33%
Lally
33%
Les Chevalleyres
33%
Ondallaz-L'Alliaz
33%
Prélaz-sur-Blonay
33%
Tusinge
33%
Vevey Vignerons
33%
Fayaux
0%
Aucun quiz correspondant
Distribution des résultats
% des personnes avec chaque résultat
Percentile par nombre de réponses
Votre historique - résultats
Vous n’avez pas pris ce quiz